| 000 | 01426cam a22003137a 4500 | ||
|---|---|---|---|
| 999 |
_c14456 _d14456 |
||
| 003 | EG-ScBUE | ||
| 005 | 20210128140203.0 | ||
| 008 | 100711s1969 le f 000 0 ara d | ||
| 040 |
_aEG-ScBUE _bara _erda _cEG-ScBUE _dEG-ScBUE |
||
| 082 | 0 | 4 |
_a892.7134 _bم ع ر _222 |
| 100 | 1 |
_916148 _aأبو العلاء المعري، أحمد بن عبد الله، _d363-449 هـ.، _eمؤلف. |
|
| 245 | 1 | 2 |
_aاللزوميات، أو، لزوم ما لا يلزم / _cلأبي العلاء المعري شاعر الفلاسفة وفيلسوف الشعراء ؛ قدم له وأشرف على اختياره وتصحيحه عمر أبو النصر. |
| 250 | _aالطبعة الثانية. | ||
| 264 | 1 |
_aبيروت : _bدار الجيل، _c1969. |
|
| 300 |
_a251 صفحة ؛ _c24 سم. |
||
| 336 |
_2rdacontent _aنص _btxt |
||
| 337 |
_2rdamedia _aبدون وسيط _bn |
||
| 338 |
_2rdacarrier _aمجلد _bnc |
||
| 490 | 0 | _aمن التراث العربي | |
| 541 |
_aدكتور علاء عبد الغني ؛ _cإهداء ؛ |
||
| 590 | _aمروة أشرف | ||
| 650 | 7 |
_916153 _aالشعر العربي _xتاريخ _yالعصر العباسي. _2BUEsh |
|
| 650 | 7 |
_916154 _aالشعر العربي _xدواوين وقصائد. _2BUEsh |
|
| 651 | _2BUEsh | ||
| 653 |
_bARALIT _cApril2012 _cJuly2019 |
||
| 655 |
_vReading book _934232 |
||
| 700 | 1 |
_916155 _aأبو النصر ، عمر، _eمقدم. |
|
| 942 |
_2ddc _cBB |
||